000
00324nam a2200145Ia 4500
100
_a
Dutt/J
650
_a
Electrical Engineering
942
_c
BK
654
_a
Electrical
245
_a
Polytechnic Electrical Technology
260
_b
Shasikant Prakashan
_a
Bombay
082
_a
621.3
300
_a
391
546
_a
ENGLISH
999
_c
22726
_d
22726